01639cam a2200301 a 45000010009000000050017000090080041000260100017000670150019000840160018001030200038001210200035001590350024001940430012002180500020002301000022002502450101002722600103003733000037004765000078005135040054005915050450006456000036010956500076011317000024012077100024012318560082012551509620920170123145912.0071128s2008 nhua bc 000 0 eng  a 2007048909 aGBA8790912bnb7 a0146481372Uk a9781584657071 (pbk. : alk. paper) a1584657073 (pbk. : alk. paper) a(OCoLC)ocn183392203 an-us-nh00aN7349.G8A4 20081 aGu, Wenda,d1955-10aWenda Gu at Dartmouth :bthe art of installation /cwith essays by Juliette Bianco ... [et al.]. aHanover, N.H. :bHood Museum of Art, Dartmouth College :bUniversity Press of New England,cc2008. ax, 130 p. :bcol. ill. ;c31 cm. aCatalog of an exhibition at the Hood Museum of Art, June 6-Sept. 9, 2007. aIncludes bibliographical references (p. 123-124).0 aWenda Gu : transformations and translations / Brian Kennedy -- Wenda Gu at Dartmouth : the making of an installation / Juliette Bianco -- "The work is not finished" : Wenda Gu's united nations series and the Dartmouth monuments / David Cateforis -- Past and present in Wenda Gu's Forest of stone steles : retranslation and rewriting Tang Dynasty poetry / Allen Hockley -- Wenda Gu : containing the contradictions of globalism / Eleanor Heartney.10aGu, Wenda,d1955-vExhibitions. 0aSite-specific installations (Art)zNew HampshirezHanovervExhibitions.1 aBianco, Juliette M.2 aHood Museum of Art.413Table of contents onlyuhttp://www.loc.gov/catdir/toc/ecip085/2007048909.html